=LDR 00000nam 2200000 4500 =001 INLIS000000000023953 =005 20130612122553 =008 ***********************************ind** =035 ##$$0010-061300000023953 =041 ##$$a ind =082 ##$$a 372.5 =090 ##$$a 372.5, ADI p =100 ##$$a Adiprayitno, W =245 ##$$a Pendidikan Seni Rupa Untuk SD Kelas 4, W.Adiprayitno =260 ##$$a 1998 $b Surabaya =300 ##$$a 39 hlm., ilus., 28 cm =650 ##$$a Seni Rupa =650 ##$$a Studi Pengajaran =850 ##$$a NBPNMAT